| 000 | 00871nam a2200205 i 4500 | ||
|---|---|---|---|
| 001 | 180738 | ||
| 003 | ES-MaACL | ||
| 005 | 20230906221157.0 | ||
| 008 | 120706s1878 phl |||| | spa d | ||
| 080 | _a622.33(599.25 Cebú) | ||
| 245 | 0 | 0 |
_aMinas de carbón de piedra de Compostela : _bdocumentos oficiales referentes a las mismas. |
| 246 | 1 | 4 | _aMinas de carbón de piedra de Compostela |
| 260 |
_a[S.l.] : _b[s.n.], _c1878 ( _eManila : _fImp. de Ramírez y Giraudier) |
||
| 300 |
_a16 p. ; _c22 cm. |
||
| 530 | _aDisponible también en sitio web. | ||
| 594 | _aPrecede al título: Isla de Cebú. | ||
| 650 | 4 |
_aMinas de carbón- _zCebú (Isla) _9150864 |
|
| 852 | 1 |
_aBA _jT-1106-F-6 _z.- Legado Federico de Botella y Hornos |
|
| 856 | 4 | 1 |
_uhttp://bibliotecadigitalhispanica.bne.es:80/webclient/DeliveryManager?pid=2679800&custom_att_2=simple_viewer _zIr a la página |
| 999 |
_c180738 _d180738 |
||